000
00307nam a22001337a 4500
008
181105b xxu||||| |||| 00| 0 eng d
020
_a
9788126533183
041
_a
eng
080
_2
5TH
_a
573
100
_a
12
101
_a
BIO
245
_a
Evolution Of The Vertebrates
_c
Colbert.E.H
942
_2
udc
_c
BK
999
_c
51868
_d
51868